Catholic University of Zimbabwe Library
Online Public Access Catalogue
(OPAC)

Adobe PageMaker 6.0 (Record no. 5130)

MARC details
000 -LEADER
fixed length control field 01019cmm a22002657a 4500
001 - CONTROL NUMBER
control field 0000005328
005 - DATE AND TIME OF LATEST TRANSACTION
control field 20170406120536.0
007 - PHYSICAL DESCRIPTION FIXED FIELD--GENERAL INFORMATION
fixed length control field cj||||
008 - FIXED-LENGTH DATA ELEMENTS--GENERAL INFORMATION
fixed length control field 980617s1996 cau b eng
010 ## - LIBRARY OF CONGRESS CONTROL NUMBER
LC control number 98802456
040 ## - CATALOGING SOURCE
Original cataloging agency DLC
Transcribing agency DLC
050 00 - LIBRARY OF CONGRESS CALL NUMBER
Classification number Z253.532.P33
130 0# - MAIN ENTRY--UNIFORM TITLE
Uniform title Adobe PageMaker.
245 10 - TITLE STATEMENT
Title Adobe PageMaker 6.0
Medium [computer file].
246 30 - VARYING FORM OF TITLE
Title proper/short title PageMaker 6.0
250 ## - EDITION STATEMENT
Edition statement Windows version 6.0/Deluxe CD-ROM ed.
260 ## - PUBLICATION, DISTRIBUTION, ETC.
Place of publication, distribution, etc. Mountain View, CA :
Name of publisher, distributor, etc. Adobe,
Date of publication, distribution, etc. c1996.
300 ## - PHYSICAL DESCRIPTION
Extent 17 computer disks ;
Dimensions 3 1/2 in. +
Accompanying material 1 computer optical disc (4 3/4 in.)
500 ## - GENERAL NOTE
General note Title from disk label.
500 ## - GENERAL NOTE
General note Production level cataloging.
520 ## - SUMMARY, ETC.
Summary, etc. Desktop publishing software. Includes Adobe Acrobat Distiller PE, Adobe Acrobat Reader, Adobe Photoshop LE, Kodak Photo CD information and sample images, multimedia overview of PageMaker 6.0, and technical notes and tips.
538 ## - SYSTEM DETAILS NOTE
System details note System requirements: PC; Windows.
650 #0 - SUBJECT ADDED ENTRY--TOPICAL TERM
Topical term or geographic name entry element Desktop publishing.
908 ## - PUT COMMAND PARAMETER (RLIN)
Put command parameter 141211
Holdings
Withdrawn status Lost status Source of classification or shelving scheme Damaged status Not for loan Home library Current library Shelving location Date acquired Total Checkouts Full call number Barcode Date last seen Copy number Price effective from Koha item type
          CUZ Harare Campus CUZ Harare Campus Open Shelf 06.04.2017   Z 253.532.P33 A283 BK0006131 22.05.2025 CU11559 06.04.2017 OS Book

OPENING HOURS

Weekdays: 0815hrs - 1800hrs
Weekends:0900hrs - 1200hrs

Closed for Mass:

Mon, Thur: 1200hrs - 1300hrs
Sunday & Public Holiday’s

CALL SUPPORT

0242-570570, 0242-570169
09200664, +263 8644140602

LOCATION

18443, Cranborne Avenue, Hatfield, Harare

Other Links


©2021 | CUZ Library